| 000 | 00493nam a2200193Ia 4500 | ||
|---|---|---|---|
| 005 | 20250425161225.0 | ||
| 008 | 250425s9999 xx 000 0 und d | ||
| 041 | _aspa | ||
| 082 | _a543.08 | ||
| 100 | _aSTROBEL, HOWARD A. | ||
| 245 | 0 | _aINSTRUMENTACIÓN QUÍMICA : ESTUDIO SISTEMÁTICO | |
| 250 | _a1A ED. | ||
| 260 | _aMEXICO | ||
| 260 |
_aMéxico _bCENTRO REGIONAL DE AYUDA TECNICA _c1968 |
||
| 300 | _a719 | ||
| 650 | _aINSTRUMENTACION QUIMICA | ||
| 942 | _c01 | ||
| 010 | _a15562 | ||
| 999 |
_c204936 _d204936 |
||